| 000 | 00473cam a22001931 4500 | ||
|---|---|---|---|
| 001 | sa 68007116 | ||
| 003 | DLC | ||
| 005 | 20260227112520.0 | ||
| 008 | 881028s1966 xx 000 0 benr | ||
| 010 | _asa 68007116 | ||
| 035 | _a(OCoLC)23553578 | ||
| 040 |
_aDLC _cMiU _dDLC |
||
| 050 | 0 | 0 |
_aPK1718.M498 _bB47 |
| 100 | 1 |
_aMitra, Narendranātha, _d1916-1975. |
|
| 245 | 1 | 0 | _aBibāha bāsara. |
| 260 |
_a[n.p. _c1966] |
||
| 300 |
_a156 p. _c22 cm. |
||
| 500 | _aRomanized. | ||
| 999 |
_c81633 _d81633 |
||